000 00311nam a22001457a 4500
003 SGT
020 _a81-7473-286-1
082 _a581.634
_bWHO
100 _aWHO
245 _aSELECTED MEDICINAL PLANTS
260 _aINDIA
_bAITBS PUB.
_c2025
300 _a288
650 _aPHARMACEUTICAL
942 _2ddc
_cBK
999 _c32998
_d32998